Baníci zostávajú v podzemí, prázdnym sľubom už neveria

Bibliographic Details
Main Author: Miškufová, Helena (Author)
Format: Article
Language:Slovak
Subjects:

MARC

LEADER 00000nab a2200000 a 4500
001 vtls000593886
003 SK-MaSNL
005 20260303015942.0
008 160202c1996 xo 0 slo
015 |a SNBRB19rr/mm-uuuuu 
035 |a CL0594025 
040 |a SNKBUCL  |b slo  |c SNKBUCL  |e AACR2 
041 0 |a slo 
044 |a xo  |c SK 
080 |a 666.762.3:061.5(437.6):331.11  |2 1981 
080 |a 331.11  |2 1981 
100 1 |a Miškufová, Helena  |4 aut  |9 266662 
245 1 0 |a Baníci zostávajú v podzemí, prázdnym sľubom už neveria  |c Helena Miškufová 
650 0 7 |a Košický magnezit (Košice, Slovensko)  |2 snkbucl  |9 981741 
651 7 |a 5403  |2 snkbucl  |9 893808 
655 7 |a články z novín a časopisov  |2 snkbucl  |9 267496 
773 0 |t Práca  |g Roč. 51, č. 183 (7. 8. 1996), s. 1 
850 |a Slovenská národná knižnica v Martine  |a MTA001 
852 |a SNK  |b KIS3GCP 
958 |a RK 
958 |a SK 
992 |a RBX 
999 |c 1615768  |d 1617698